000 00435pab a2200157 454500
008 180718b2000 xxu||||| |||| 00| 0 eng d
100 _aDhawan, B.D.
245 _aEconomic impact of major water resources projects on farm economy of India
260 _c2000
300 _ap.507-14
362 _aDec
650 _aWater resources - India
650 _aWater resources
773 _aAgricultural Situation in India
909 _a47906
999 _c47906
_d47906